Pokemon 1ère Génération - Statistiques

Statistiques générales
  • Ce quiz a été pris 50 fois
    37 depuis la dernière actualisation
  • Le résultat moyen est 112 sur 151
Statistiques - réponses
Réponse % Correct
Feu Salamèche
100%
Plante/Poison Bulbizarre
96%
Eau Carabaffe
96%
Eau Carapuce
96%
Insecte Chenipan
96%
Feu/Vol Dracaufeu
96%
Dragon Draco
96%
Plante/Poison Florizarre
96%
Plante/Poison Herbizarre
96%
Feu Reptincel
96%
Normal/Vol Roucarnage
96%
Normal/Vol Roucool
96%
Normal/Vol Roucoups
96%
Eau Tortank
96%
Insecte/Poison Aspicot
92%
Insecte/Vol Papilusion
92%
Glace/Vol Artikodin
88%
Insecte Chrysacier
88%
Insecte/Poison Coconfort
88%
Normal Evoli
88%
Roche/Sol Gravalanch
88%
Combat Machoc
88%
Dragon Minidraco
88%
Roche/Sol Racaillou
88%
Feu/Vol Sulfura
88%
Poison Abo
84%
Poison Arbok
84%
Insecte/Poison Dardargnan
84%
Dragon/Vol Dracolosse
84%
Spectre/Poison Ectoplasma
84%
Spectre/Poison Fantominus
84%
Roche/Sol Grolem
84%
Electrik/Acier Magnéti
84%
Fée Mélodelfe
84%
Fée Mélofée
84%
Psy Mew
84%
Psy Mewtwo
84%
Electrik Pikachu
84%
Electrik Raichu
84%
Normal Rattata
84%
Normal Rattatac
84%
Spectre/Poison Spectrum
84%
Combat Tygnon
84%
Electrik Voltali
84%
Psy Abra
80%
Psy Alakazam
80%
Eau Aquali
80%
Feu Arcanin
80%
Feu Caninos
80%
Electrik/Vol Electhor
80%
Plante/Poison Empiflor
80%
Feu Feunard
80%
Feu Goupix
80%
Normal/Fée Grodoudou
80%
Roche/Eau Kabuto
80%
Roche/Eau Kabutops
80%
Psy Kadabra
80%
Combat Mackogneur
80%
Electrik/Acier Magnéton
80%
Poison/Sol Nidoking
80%
Poison/Sol Nidoqueen
80%
Poison Nidoran♀
80%
Poison Nidoran♂
80%
Poison Nidorina
80%
Roche/Sol Onix
80%
Plante/Poison Ortide
80%
Normal/Vol Piafabec
80%
Feu Pyroli
80%
Normal/Fée Rondoudou
80%
Sol Sablaireau
80%
Eau/Poison Tentacool
80%
Eau/Poison Tentacruel
80%
Plante/Poison Chétiflor
76%
Combat Kicklee
76%
Combat Machopeur
76%
Plante/Poison Mystherbe
76%
Poison Nidorino
76%
Plante/Poison Rafflesia
76%
Normal/Vol Rapasdepic
76%
Sol Sabelette
76%
Poison Smogo
76%
Roche/Eau Amonistar
72%
Roche/Eau Amonita
72%
Plante/Poison Boustiflor
72%
Electrik Elektek
72%
Feu Galopa
72%
Insecte/Vol Insécateur
72%
Eau/Glace Lamantine
72%
Eau/Vol Léviator
72%
Eau Magicarpe
72%
Eau Poissirène
72%
Feu Ponyta
72%
Poison Smogogo
72%
Psy Soporifik
72%
Eau Têtarte
72%
Electrik Voltorbe
72%
Eau/Glace Crustabri
68%
Electrik Electrode
68%
Psy Hypnomade
68%
Eau Kokiyas
68%
Glace/Psy Lippoutou
68%
Feu Magmar
68%
Eau Otaria
68%
Insecte/Plante Paras
68%
Insecte/Plante Parasect
68%
Roche/Vol Ptéra
68%
Normal Ronflex
68%
Eau Stari
68%
Eau/Psy Staross
68%
Eau/Combat Tartard
68%
Sol Taupiqueur
68%
Insecte/Poison Aéromite
64%
Eau Akwakwak
64%
Normal/Vol Canarticho
64%
Poison Grotadmorv
64%
Normal Leveinard
64%
Insecte/Poison Mimitoss
64%
Poison/Vol Nosferapti
64%
Eau Poissoroy
64%
Eau Psykokwak
64%
Eau Ptitard
64%
Insecte Scarabrute
64%
Poison Tadmorv
64%
Sol Triopikeur
64%
Combat Férosinge
60%
Eau/Psy Flagadoss
60%
Eau/Glace Lokhlass
60%
Poison/Vol Nosferalto
60%
Combat Colossinge
56%
Normal Miaouss
56%
Normal Persian
56%
Eau/Psy Ramoloss
56%
Sol/Roche Rhinocorne
56%
Sol/Roche Rhinoféros
56%
Normal Tauros
56%
Normal/Vol Dodrio
52%
Normal/Vol Doduo
52%
Normal Kangourex
52%
Psy/Fée M.Mime
52%
Plante/Psy Noadkoko
52%
Plante/Psy Noeunoeuf
52%
Normal Excelangue
48%
Normal Métamorph
48%
Sol Ossatueur
48%
Plante Saquedeneu
48%
Eau Hypocéan
44%
Eau Hypotrempe
44%
Eau Krabboss
44%
Eau Krabby
44%
Sol Osselait
44%
Normal Porygon
44%
Aucun quiz correspondant
Distribution des résultats
% des personnes avec chaque résultat
Percentile par nombre de réponses
Votre historique - résultats
Vous n’avez pas pris ce quiz depuis la dernière actualisation